<?xml version="1.0" encoding="UTF-8"?>
<collection xmlns="http://www.loc.gov/MARC21/slim">
<record>
  <controlfield tag="001">111881</controlfield>
  <controlfield tag="005">20220329090302.0</controlfield>
  <datafield tag="037" ind1=" " ind2=" ">
    <subfield code="a">TAZ-TFG-2018-948</subfield>
  </datafield>
  <datafield tag="041" ind1=" " ind2=" ">
    <subfield code="a">spa</subfield>
  </datafield>
  <datafield tag="100" ind1="1" ind2=" ">
    <subfield code="a">Delgado Allegues,Arelysa</subfield>
  </datafield>
  <datafield tag="242" ind1="0" ind2="0">
    <subfield code="a">Update review on the diagnosis of prion diseases and development of new methodologies for their ante mortem detection.</subfield>
  </datafield>
  <datafield tag="245" ind1="0" ind2="0">
    <subfield code="a">Revisión actualizada sobre el diagnóstico de las enfermedades priónicas y el desarrollo de nuevas metodologías para su detección ante mortem.</subfield>
  </datafield>
  <datafield tag="260" ind1=" " ind2=" ">
    <subfield code="a">Zaragoza</subfield>
    <subfield code="b">Universidad de Zaragoza</subfield>
    <subfield code="c">2018</subfield>
  </datafield>
  <datafield tag="506" ind1=" " ind2=" ">
    <subfield code="a">by-nc-sa</subfield>
    <subfield code="b">Creative Commons</subfield>
    <subfield code="c">3.0</subfield>
    <subfield code="u">http://creativecommons.org/licenses/by-nc-sa/3.0/</subfield>
  </datafield>
  <datafield tag="520" ind1=" " ind2=" ">
    <subfield code="a">Las encefalopatías espongiformes transmisibles o enfermedades priónicas son un grupo de enfermedades neurodegenerativas asociadas a la acumulación de una proteína con una conformación incorrecta denominada proteína prión, que pueden afectar tanto a los animales como a los seres humanos. Cursan a lo largo del tiempo con demencia rápidamente progresiva y tienen siempre un desenlace fatal. En la especie humana, existen varios tipos de enfermedad, siendo la enfermedad de Creutzfeldt-Jakob esporádica la más frecuente. El diagnóstico de este grupo de enfermedades requiere en la actualidad una serie de pruebas complementarias como el electroencefalograma, la resonancia magnética, la punción lumbar y pruebas genéticas para ayudar en el diagnóstico diferencial de la demencia rápidamente progresiva. Sin embargo, la confirmación del diagnóstico sólo se logra a través de la valoración microscópica de tejido nervioso post mortem.  Por este motivo, el objetivo de este trabajo es llevar a cabo una revisión bibliográfica sobre los ensayos más relevantes que han sido publicados en el ámbito científico en los últimos años teniendo como finalidad lograr un diagnóstico ante mortem de las enfermedades priónicas.  La aplicación de técnicas recientemente desarrolladas como PMCA (Protein misfolding cyclic amplification) o RT-QuIC (Real-time Quaking-induced Conversion) sobre líquido cefalorraquídeo, mucosa olfatoria, orina o piel proporcionan una herramienta útil para la evaluación de ensayos terapéuticos planteados para este grupo de enfermedades aún no tratables, así como una base científica que pudiera llegar al establecimiento de un diagnóstico definitivo de la enfermedad in vivo. También se reduciría el riesgo de transmisión del agente causal.&lt;br /></subfield>
  </datafield>
  <datafield tag="521" ind1=" " ind2=" ">
    <subfield code="a">Graduado en Medicina</subfield>
  </datafield>
  <datafield tag="540" ind1=" " ind2=" ">
    <subfield code="a">Derechos regulados por licencia Creative Commons</subfield>
  </datafield>
  <datafield tag="700" ind1=" " ind2=" ">
    <subfield code="a">Monzón Garcés, Marta</subfield>
    <subfield code="e">dir.</subfield>
  </datafield>
  <datafield tag="710" ind1="2" ind2=" ">
    <subfield code="a">Universidad de Zaragoza</subfield>
    <subfield code="b">Anatomía e Histología Humanas</subfield>
    <subfield code="c">Histología</subfield>
  </datafield>
  <datafield tag="856" ind1="0" ind2=" ">
    <subfield code="f">676659@celes.unizar.es</subfield>
  </datafield>
  <datafield tag="856" ind1="4" ind2=" ">
    <subfield code="s">1032133</subfield>
    <subfield code="u">http://zaguan.unizar.es/record/111881/files/TAZ-TFG-2018-948.pdf</subfield>
    <subfield code="y">Memoria (spa)</subfield>
  </datafield>
  <datafield tag="909" ind1="C" ind2="O">
    <subfield code="o">oai:zaguan.unizar.es:111881</subfield>
    <subfield code="p">driver</subfield>
    <subfield code="p">trabajos-fin-grado</subfield>
  </datafield>
  <datafield tag="950" ind1=" " ind2=" ">
    <subfield code="a"></subfield>
  </datafield>
  <datafield tag="980" ind1=" " ind2=" ">
    <subfield code="a">TAZ</subfield>
    <subfield code="b">TFG</subfield>
    <subfield code="c">MED</subfield>
  </datafield>
  <datafield tag="999" ind1=" " ind2=" ">
    <subfield code="a">20180601115234.CREATION_DATE</subfield>
  </datafield>
  <datafield tag="951" ind1=" " ind2=" ">
    <subfield code="a">deposita:2022-03-29</subfield>
  </datafield>
</record>
</collection>